00585nam a22001697a 4500003000400000020001800004082001600022100001800038245003800056260003400094300000800128650001100136653007000147942001300217952017000230999001500400SGT a9788178710334 a553.7, YAD  aYADAV SATISH  aWATER PROBLEM AND ITS MANAGEMENT  aNEW DELHI bHOPE INDIA c2003 a148 aWATER  aINTRODUCTION, THE PROBLEM, THE SOLUTIONS, WATER AS A HUMAN RIGHT  2ddccFCM 00102ddc4070aSSSLbSSSLcTXTd2016-06-18eDONATE BY DR. SUMER SINGH PVC SGT UNIVERSITY g275.00iSGTUl0o553.7, YADpCM225r2016-06-18 00:00:00w2016-06-18yFCM c9140d9140